Rhetorical criticism : (Record no. 10087)
[ view plain ]
| 000 -LEADER | |
|---|---|
| fixed length control field | 01235cam a2200277 a 4500 |
| 001 - CONTROL NUMBER | |
| control field | 4950242 |
| 003 - CONTROL NUMBER IDENTIFIER | |
| control field | OSt |
| 005 - DATE AND TIME OF LATEST TRANSACTION | |
| control field | 20231009115018.0 |
| 008 - FIXED-LENGTH DATA ELEMENTS--GENERAL INFORMATION | |
| fixed length control field | 960319s1996 ilua b 000 0 eng |
| 010 ## - LIBRARY OF CONGRESS CONTROL NUMBER | |
| LC control number | 96127562 |
| 020 ## - INTERNATIONAL STANDARD BOOK NUMBER | |
| International Standard Book Number | 0881338737 |
| 040 ## - CATALOGING SOURCE | |
| Original cataloging agency | WIUC - GH |
| Transcribing agency | WIUC - GH |
| 050 00 - LIBRARY OF CONGRESS CALL NUMBER | |
| Classification number | PN4096 |
| Item number | .R49 |
| 082 00 - DEWEY DECIMAL CLASSIFICATION NUMBER | |
| Classification number | 302.2 |
| Edition number | 20 |
| 245 00 - TITLE STATEMENT | |
| Title | Rhetorical criticism : |
| Remainder of title | exploration & practice. / |
| Statement of responsibility, etc. | [compiled by] Sonja K. Foss. |
| 250 ## - EDITION STATEMENT | |
| Edition statement | 2nd ed. |
| 260 ## - PUBLICATION, DISTRIBUTION, ETC. | |
| Place of publication, distribution, etc. | Prospect Heights, Ill. : |
| Name of publisher, distributor, etc. | Waveland Press, |
| Date of publication, distribution, etc. | c1996. |
| 300 ## - PHYSICAL DESCRIPTION | |
| Extent | xiv, 553 p. : |
| Other physical details | ill. ; |
| Dimensions | 23 cm. |
| 504 ## - BIBLIOGRAPHY, ETC. NOTE | |
| Bibliography, etc. note | Includes bibliographical references. |
| 505 ## - FORMATTED CONTENTS NOTE | |
| Formatted contents note | Contents: Part I: Introduction: The nature of rhetorical criticism -- Doing rhetorical criticism -- Neo-Aristotelian criticism -- Part II: Critical approaches: Cluster criticism -- Fantasy-theme criticism -- Feminist criticism -- Generic criticism -- Ideological criticism -- Metaphoric criticism -- Narrative criticism -- Pentadic criticism -- Generative criticism. |
| 650 #0 - SUBJECT ADDED ENTRY--TOPICAL TERM | |
| Topical term or geographic name entry element | Rhetorical criticism. |
| 9 (RLIN) | 2022 |
| 700 1# - ADDED ENTRY--PERSONAL NAME | |
| Personal name | Foss, Sonja K. |
| 9 (RLIN) | 1478 |
| 906 ## - LOCAL DATA ELEMENT F, LDF (RLIN) | |
| a | 7 |
| b | cbc |
| c | orignew |
| d | 3 |
| e | ncip |
| f | 19 |
| g | y-gencatlg |
| 942 ## - ADDED ENTRY ELEMENTS (KOHA) | |
| Source of classification or shelving scheme | Library of Congress Classification |
| Koha item type | Books |
| Withdrawn status | Lost status | Source of classification or shelving scheme | Damaged status | Not for loan | Home library | Current library | Shelving location | Date acquired | Full call number | Barcode | Date last seen | Price effective from | Koha item type |
|---|---|---|---|---|---|---|---|---|---|---|---|---|---|
| Library of Congress Classification | WISCONSIN INTERNATIONAL UNIVERSITY COLLEGE, GHANA KUMASI LIBRARY | WISCONSIN INTERNATIONAL UNIVERSITY COLLEGE, GHANA KUMASI LIBRARY | General Stacks | 14/03/2023 | PN4096.R49(2e) | K/3060/0158/23 | 06/10/2023 | 06/10/2023 | Books |
